000 00453nam a2200169 a 4500
005 20140310183441.0
008 080522s19uu xx 00 eng d
020 _a0380808080
050 _aPZ 4
_b.P558 2002
100 _aPhillips, Susan Elizabeth
245 _aThis heart of mine.
_cSusan Elizabeth Phillips
260 _aNew York :
_bAvon Books,
_c2001.
300 _a420 p. :
_c17 cm.
650 _aFiction.
942 _cBK
_2lcc
999 _c23121
_d23121